Совершенствование сплавов типа сормайт: Отчет о НИР

Bibliografiske detaljer
Institution som forfatter: Томский политехнический институт (ТПИ) (595)
Andre forfattere: Добровидов А. Н. (руководитель), Самылов В.А. (исполнитель)
Sprog:russisk
Udgivet: Томск, 1963
Fag:
Format: MixedMaterials Bog
KOHA link:https://koha.lib.tpu.ru/cgi-bin/koha/opac-detail.pl?biblionumber=189630

MARC

LEADER 00000nbm0a2200000 4500
001 189630
005 20231031175428.0
035 |a (RuTPU)RU\TPU\book\206300 
090 |a 189630 
100 |a 20101228d1963 k y0rusy50 ca 
101 0 |a rus 
102 |a RU 
105 |a a p 001zy 
200 1 |a Совершенствование сплавов типа сормайт  |e Отчет о НИР  |f Томский политехнический институт (ТПИ) ; руководитель А. Н. Добровидов ; В.А. Самылов 
210 |a Томск  |d 1963 
215 |a 16 л. 
320 |a Библиогр.: с. 16. 
610 1 |a отчеты о НИР 
610 1 |a сормайт 
610 1 |a сплавы 
610 1 |a совершенствование 
675 |a 621.7м.144  |v 3 
702 1 |a Добровидов  |b А. Н.  |4 673 
702 1 |a Самылов  |b В.А.  |4 677 
712 0 2 |a Томский политехнический институт (ТПИ)  |c (1944-1991)  |2 stltpush  |3 (RuTPU)RU\TPU\col\1123  |4 595 
801 1 |a RU  |b 63413507  |c 20101228 
801 2 |a RU  |b 63413507  |c 20101228  |g RCR 
942 |c BK